| 000 | 00799nam a2200265Ia 4500 | ||
|---|---|---|---|
| 003 | OSt | ||
| 005 | 20221005070105.0 | ||
| 006 | a|||||r|||| 00| 0 | ||
| 007 | ta | ||
| 008 | 221004b |||||||| |||| 00| 0 eng d | ||
| 020 | _a8171548555 | ||
| 024 | _a18031 | ||
| 037 | _cTextual | ||
| 040 |
_aCRL _cCRL _beng |
||
| 041 |
_2eng _aeng |
||
| 082 | _aV23'M, N9 | ||
| 100 |
_aDossal Mariam Editor _9605283 |
||
| 245 | 0 |
_aState intervention and popular response _b Western India in the Nineteenth Century |
|
| 260 |
_aMumbai _bPopular Prakashan Private Limited India _c1999 |
||
| 300 |
_a243 p. _ccm. |
||
| 650 | _aINDIA - HISTORY | ||
| 700 |
_a Maloni Ruby Editor _9605284 |
||
| 942 |
_hV23'M, N9 _cTEXL _2cc |
||
| 999 |
_c975639 _d975639 |
||